Quiz de Bandeiras - Muito Difícil - Statistics

Estatísticas Gerais
  • Esse quiz foi jogado 368 vezes
  • A pontuação média é 3 de 16
Estatísticas das Respostas
Imagem Resposta % Correto
Bonaire
67%
Santa Helena
49%
Ilhas Cook
32%
Ilhas Malvinas
30%
Tristão da Cunha
30%
Tasmânia
28%
Martinica
20%
Território Britânico do Oceano Índico
18%
Ilhas Virgens Britânicas
15%
Ilhas Pitcairn
13%
Terras Austrais e Antárticas Francesas
12%
Ilhas Turcas e Caicos
11%
Ilhas Cayman
10%
Antilhas Neerlandesas
7%
Ilhas Bermudas
4%
Ilhas Geórgia do Sul e Sandwich do Sul
2%
Nenhum quiz correspondente encontrado
Distribuição das Pontuações
Porcentagem de Pessoas com Cada Pontuação
Percentil de Números Respondidos
Sua Pontuação Histórica
Você não jogou esse quiz